Normal view
MARC view
- Atkins, Tony
Entry Personal Name
001 - CONTROL NUMBER
- control field: 82858
003 - CONTROL NUMBER IDENTIFIER
- control field: NUST
005 - DATE AND TIME OF LATEST TRANSACTION
- control field: 20210929113623.0
008 - FIXED-LENGTH DATA ELEMENTS
- fixed length control field: 210929|| aca||aabn | a|a d
040 ## - CATALOGING SOURCE
- Original cataloging agency: NUST
- Transcribing agency: NUST
100 ## - HEADING--PERSONAL NAME
- Personal name: Atkins, Tony
670 ## - SOURCE DATA FOUND
- Source citation: Work cat.: (NUST)32846: Atkins, Tony, The Science & Engineering of Cutting /, 2011.
